| 000 | 00621nam a2200193 i 4500 | ||
|---|---|---|---|
| 001 | 83157 | ||
| 003 | ES-MaACL | ||
| 005 | 20250603171456.0 | ||
| 007 | t| | ||
| 008 | 041115s1982 sp ||||1| spa d | ||
| 080 | _a314.9(460)"1981" | ||
| 110 | 2 |
_aInstituto Nacional de Estadística (España) _95162 |
|
| 245 | 1 | 0 |
_aProyecto para la realización del censo de población de 1981 / _cInstituto Nacional de Estadística. |
| 260 |
_aMadrid : _bInstituto Nacional de Estadística, _c1982. |
||
| 300 |
_a191 p. ; _c24 cm. |
||
| 651 | 7 |
_aEspaña- _xCensos _2 _9155755 |
|
| 852 | 4 |
_aES-MaACL _jL-2734 |
|
| 999 |
_c83157 _d83157 |
||